000 01085cam a2200349 4500
001 1711190
005 20260126142730.0
008 710224s1970 enkaf b 001 0 eng
010 _a 70538259
015 _aB70-18157
020 _a0356033376
020 _a9780356033372
035 _a1711190
040 _aDLC
_cDLC
_dDLC
050 0 0 _aTJ1313
_b.H8 1970
082 0 0 _a620.0044 HUM'E
100 1 _aHume, K. J.
_q(Kenneth John)
_9132908
245 1 0 _aEngineering metrology
_c[by] K. J. Hume.
250 _a3rd (metric ed.)
260 _aLondon,
_bMacdonald & Co.,
_c1970.
300 _axviii, 360 p., 64 plates.
_billus.
_c22 cm.
336 _atext
_btxt
_2rdacontent
337 _aunmediated
_bn
_2rdamedia
338 _avolume
_bnc
_2rdacarrier
504 _aBibliography: p. 345-351.
650 0 _aPhysical measurements.
650 0 _aMeasuring instruments.
650 0 _aMachine-shop practice.
_936237
906 _a7
_bcbc
_corignew
_d4
_encip
_f19
_gy-gencatlg
942 _2ddc
_cBK
999 _c615932
_d615932